| 000 | 00738cam0a220027700 4500 | ||
|---|---|---|---|
| 001 | tmp15758565 | ||
| 003 | UPRA | ||
| 005 | 20190819094111.0 | ||
| 008 | 951021s1990 xx eng u | ||
| 020 | _a4586540060 | ||
| 035 | _a(Sirsi) tmp15758565 | ||
| 035 | _a(UPRA)tmp15758565 | ||
| 040 | _cUPRA | ||
| 050 | 0 | _aNK5550 SAK 1990 | |
| 100 | 1 | _aSakikawa, Noriyuki, 1909- | |
| 245 | 1 | 0 |
_aGem stones / _cby Noriyuki Sakikawa,translated by Eichi Kobayashi, edited by Don Kenny. |
| 250 | _a20th ed. | ||
| 260 |
_aOsaka, Japan : _bHoikusha, _c1990. |
||
| 350 | _a25 | ||
| 504 | _aIncludes index | ||
| 650 | 0 | _aGems | |
| 650 | 0 | _aDecoration and ornament | |
| 700 | 0 | 0 | _aKobayashi, Eichi |
| 700 | 0 | 0 | _aKenny, Don |
| 004 | 43367 | ||
| 999 |
_c98783 _d98783 |
||